| 000 | 01602nam a2200277 a 4500 | ||
|---|---|---|---|
| 001 | 000015235 | ||
| 005 | 20200929164005.0 | ||
| 008 | 100203s2009 dr a r 001 0 spa d | ||
| 020 | _a9789993425823 | ||
| 040 |
_aDO-SdBNP _bspa _cBNPHU |
||
| 082 |
_a362.8292 _bS677v |
||
| 245 | 0 | 0 |
_aSobre vivencias : _b4 casos de violencia contra la mujer y su relación con el Sistema de Protección en Santo Domingo / _cLucero Quiroga... [et al.] ; presentación Mauricio Ramírez Villegas. |
| 246 | 1 | 3 |
_aSobre vivencias : _bcuatro casos de violencia contra la mujer y su relación con el Sistema de Protección en Santo Domingo |
| 260 |
_aSanto Domingo : _bINTEC _bPrograma de las Naciones Unidas para el Desarrollo, _c2009. |
||
| 300 |
_axiii, 234 p. ; _c25 cm. |
||
| 500 | _aIncluye referencias bibliográficas y notas al pie de las páginas | ||
| 504 | _aBibliografía : p. 225- 234 | ||
| 505 | 2 | _aPresentaciones -- Introducción --Sistema de protección de los derechos de las mujeres -- Clara, una niña mutilada -- Rosa, la soledad de un proceso revictimizante -- Teresa, el tránsito de la desesperanza a través de las fronteras -- Jorge ... eres entre todas las mujeres -- Hacia un sistema de atención integral. | |
| 590 | _aInventariado, 2018/BT | ||
| 650 | 4 |
_aViolencia conyugal _zRepública Dominicana _92756 |
|
| 650 | 4 |
_aViolencia conyugal _xLegislación _zRepública Dominicana _92755 |
|
| 650 | 4 |
_aViolencia contra la mujer _zRepública Dominicana _934482 |
|
| 700 | 1 |
_aQuiroga, Lucero _92556 |
|
| 700 | 1 |
_aRamírez Villegas, Mauricio _934483 |
|
| 910 | _aValidado. Control de calidad. MMOLINA | ||
| 999 |
_c14804 _d14804 |
||